<?xml version="1.0" encoding="UTF-8"?>
<record
    xmlns:xsi="http://www.w3.org/2001/XMLSchema-instance"
    xsi:schemaLocation="http://www.loc.gov/MARC21/slim http://www.loc.gov/standards/marcxml/schema/MARC21slim.xsd"
    xmlns="http://www.loc.gov/MARC21/slim">

  <leader>00770nam a22002417a 4500</leader>
  <controlfield tag="003">UA-OsUOA</controlfield>
  <controlfield tag="001"> 106712 </controlfield>
  <controlfield tag="007">ta</controlfield>
  <controlfield tag="008">20140610b un ||||| |||| 00| 0 ukr d</controlfield>
  <datafield tag="090" ind1=" " ind2=" ">
    <subfield code="a">264-62(082)</subfield>
    <subfield code="b">&#x421;24</subfield>
  </datafield>
  <datafield tag="942" ind1=" " ind2=" ">
    <subfield code="c">BK</subfield>
  </datafield>
  <datafield tag="040" ind1=" " ind2=" ">
    <subfield code="a">UA-OsUOA</subfield>
    <subfield code="b">ukr</subfield>
    <subfield code="c">UA-OsUOA</subfield>
    <subfield code="d">UA-OsUOA</subfield>
  </datafield>
  <datafield tag="245" ind1=" " ind2=" ">
    <subfield code="a">"&#x421;&#x432;&#x456;&#x442;&#x43B;&#x43E; &#x454;&#x441;&#x438;, &#x425;&#x440;&#x438;&#x441;&#x442;&#x435;": &#x411;&#x43E;&#x433;&#x43E;&#x441;&#x43B;&#x443;&#x436;&#x456;&#x43D;&#x43D;&#x44F; &#x434;&#x43E;&#x431;&#x43E;&#x432;&#x43E;&#x433;&#x43E; &#x43A;&#x43E;&#x43B;&#x430;</subfield>
    <subfield code="b">&#x430;&#x43D;&#x442;&#x43E;&#x43B;&#x43E;&#x433;&#x456;&#x44F; &#x434;&#x43E;&#x441;&#x43B;&#x456;&#x434;&#x436;&#x435;&#x43D;&#x44C;</subfield>
    <subfield code="c">&#x443;&#x43F;&#x43E;&#x440;. &#x415;. &#x41A;&#x432;&#x456;&#x43D;&#x43B;&#x430;&#x43D;, &#x412;. &#x420;&#x443;&#x434;&#x435;&#x439;&#x43A;&#x43E;</subfield>
  </datafield>
  <datafield tag="300" ind1=" " ind2=" ">
    <subfield code="a">312 &#x441;.</subfield>
  </datafield>
  <datafield tag="955" ind1=" " ind2=" ">
    <subfield code="a">1</subfield>
  </datafield>
  <datafield tag="041" ind1=" " ind2=" ">
    <subfield code="a">ukr</subfield>
  </datafield>
  <datafield tag="080" ind1=" " ind2=" ">
    <subfield code="a">264-62(082)</subfield>
  </datafield>
  <datafield tag="020" ind1=" " ind2=" ">
    <subfield code="a">978-966-81497-96-3</subfield>
  </datafield>
  <datafield tag="591" ind1=" " ind2=" ">
    <subfield code="a">&#x41F;&#x430;&#x441;&#x456;&#x447;&#x43D;&#x438;&#x43A; &#x406;. &#x414;.</subfield>
  </datafield>
  <datafield tag="260" ind1=" " ind2=" ">
    <subfield code="a">&#x41B;&#x44C;&#x432;&#x456;&#x432;</subfield>
    <subfield code="b">&#x423;&#x41A;&#x423;</subfield>
    <subfield code="c">2012</subfield>
  </datafield>
  <datafield tag="650" ind1=" " ind2="7">
    <subfield code="a">26 &#x425;&#x440;&#x438;&#x441;&#x442;&#x438;&#x44F;&#x43D;&#x441;&#x44C;&#x43A;&#x430; &#x426;&#x435;&#x440;&#x43A;&#x432;&#x430; &#x437;&#x430;&#x433;&#x430;&#x43B;&#x43E;&#x43C;</subfield>
    <subfield code="2">UDC</subfield>
  </datafield>
  <datafield tag="999" ind1=" " ind2=" ">
    <subfield code="c">392901</subfield>
    <subfield code="d">392901</subfield>
  </datafield>
  <datafield tag="952" ind1=" " ind2=" ">
    <subfield code="0">0</subfield>
    <subfield code="1">0</subfield>
    <subfield code="2">udc</subfield>
    <subfield code="4">0</subfield>
    <subfield code="7">0</subfield>
    <subfield code="8">C_PASICHNYK_ID</subfield>
    <subfield code="a">102</subfield>
    <subfield code="b">102</subfield>
    <subfield code="d">2014-06-10</subfield>
    <subfield code="e">23/2014</subfield>
    <subfield code="g">18.00</subfield>
    <subfield code="i">145775</subfield>
    <subfield code="l">0</subfield>
    <subfield code="o">264-62(082) &#x421;24</subfield>
    <subfield code="p">145775</subfield>
    <subfield code="r">2022-02-07 00:00:00</subfield>
    <subfield code="w">2014-06-10</subfield>
    <subfield code="y">BK</subfield>
  </datafield>
  <datafield tag="952" ind1=" " ind2=" ">
    <subfield code="0">0</subfield>
    <subfield code="1">0</subfield>
    <subfield code="2">udc</subfield>
    <subfield code="4">0</subfield>
    <subfield code="7">0</subfield>
    <subfield code="8">C_KRALIUK</subfield>
    <subfield code="a">102</subfield>
    <subfield code="b">102</subfield>
    <subfield code="d">2015-11-23</subfield>
    <subfield code="e">47/2015</subfield>
    <subfield code="g">18.00</subfield>
    <subfield code="i">149727</subfield>
    <subfield code="l">0</subfield>
    <subfield code="o">264-62(082) &#x421;24</subfield>
    <subfield code="p">149727</subfield>
    <subfield code="r">2022-02-06 00:00:00</subfield>
    <subfield code="w">2014-06-10</subfield>
    <subfield code="y">BK</subfield>
  </datafield>
</record>
